00703nam a2200157 a 4500008004100000020001500041050001600056100002300072245006800095260003200163300002000195350000900215995016500224995013900389999001700528120416s0000 ||||||||||||||||| || u a0070023298 aNA 6212 Bui aHoyt, Charles King10aBuilding for commerce and industrycedited by Charles King Hoyt aNew YorkbMcGraw-Hillc1978 ax, 228p. : ill. a0.00 aMAIN LIBRARY OPEN ACCESSD0.00e730353FCBU-MAIN LIBRARY (Kitwe)H2I57.45jNA 6212 BuiM2UAVAILABLEWMay 26, 2006y026948ZMain Library Open Access Collection aBINDERY (DAMAGED)D0.00e709222FCBU-MAIN LIBRARY (Kitwe)H1I57.45jNA 6212 BuiUDAMAGEDy009880ZMain Library Open Access Collection c78923d78923